|
|
|
|
| LEADER |
00000nam0a2200000 4500 |
| 001 |
16399 |
| 005 |
20251208160012.0 |
| 035 |
|
|
|a (RuTPU)RU\TPU\book\16523
|
| 035 |
|
|
|a BOOK00001211
|
| 090 |
|
|
|a 16399
|
| 100 |
|
|
|a 20011209d1937 k y0rusy50 ca
|
| 101 |
0 |
|
|a rus
|
| 102 |
|
|
|a RU
|
| 105 |
|
|
|a y z 000zy
|
| 200 |
1 |
|
|a Материалы по истории волнений на крепостных мануфактурах в XVIII веке
|f Академия наук СССР (АН СССР), Институт истории
|
| 210 |
|
|
|a Москва
|c Изд-во АН СССР
|d 1937
|a Ленинград
|
| 215 |
|
|
|a 468 с.
|
| 606 |
|
|
|a Крестьянское движение в России
|x История
|z кон. 17-18 вв.
|9 81804
|
| 610 |
1 |
|
|a Россия
|
| 610 |
1 |
|
|a 18 век
|
| 610 |
1 |
|
|a экономическая история
|
| 610 |
1 |
|
|a мануфактуры
|
| 610 |
1 |
|
|a крепостные мануфактуры
|
| 610 |
1 |
|
|a классовая борьба
|
| 610 |
1 |
|
|a крестьяне крепостные
|
| 610 |
1 |
|
|a крестьянские восстания
|
| 610 |
1 |
|
|a волнения крестьянские
|
| 686 |
|
|
|a Т3(2)51
|2 rubbk
|
| 712 |
0 |
2 |
|a Академия наук СССР (АН СССР)
|b Институт истории
|c (1936-1968)
|c (Москва)
|3 (RuTPU)RU\TPU\col\3279
|
| 801 |
|
0 |
|a RU
|b 63413507
|c 20011209
|g PSBO
|
| 801 |
|
2 |
|a RU
|b 63413507
|c 20121203
|g PSBO
|
| 942 |
|
|
|c BK
|